Návrh a prevádzkovanie ozonizačného reaktora s fluidizovanou vrstvou

Enregistré dans:
Détails bibliographiques
Auteur principal: Molovčák, Adrián (Auteur)
Autres auteurs: Derco, Ján (Directeur de thèse)
Format: Manuscrit Livre
Langue:slovaque
Publié: 2022
Sujets:
Accès en ligne:http://is.stuba.sk/zp/portal_zp.pl?podrobnosti=157673
Tags: Ajouter un tag
Pas de tags, Soyez le premier à ajouter un tag!

MARC

LEADER 00000ntm a22000003a 4500
001 stuzp90444
003 SK-STU
005 20220604210942.3
007 ta
008 150427s2015----xo-----f-mn---000-0-slo-d
040 |a STU  |b slo 
041 0 |a slo 
100 1 |a Molovčák, Adrián  |u 046290  |4 aut  |U FCHPT Ústav chemického a environmentálneho inžinierstva  |T FCHPT Oddelenie environmentálneho inžinierstva  |X 81554  |U C6290  |Y 120  |7 81554 
242 0 1 |a Design and operation of a fluidized bed ozonation reactor  |y eng 
245 1 0 |a Návrh a prevádzkovanie ozonizačného reaktora s fluidizovanou vrstvou 
260 |c 2022 
650 4 |a ozonizácia  |2 slo 
650 4 |a AOPs  |2 slo 
650 4 |a adsorbent  |2 slo 
650 4 |a fluidizácia  |2 slo 
650 4 |a ropné látky  |2 slo 
650 4 |a petroleum substances  |2 eng 
650 4 |a ozonation  |2 eng 
650 4 |a AOPs  |2 eng 
650 4 |a fluidization  |2 eng 
650 4 |a adsorbent  |2 eng 
700 1 |a Derco, Ján  |u 046290  |k Z1  |4 ths  |U FCHPT Ústav chemického a environmentálneho inžinierstva  |T FCHPT Oddelenie environmentálneho inžinierstva  |X 3304  |U C6290  |Y 120  |7 A000003304 
856 4 |u http://is.stuba.sk/zp/portal_zp.pl?podrobnosti=157673